000
00295nam a2200133Ia 4500
003
SGT
082
_a
611
_b
P11T
100
_a
TORTORA, GERARD J.
245
_a
PRINCIPLES OF ANATOMY & PHYSIOLOGY VOL.-1
260
_b
WILEY
_c
2011
300
_a
1-850
650
_a
HUMAN ANATOMY
942
_2
ddc
_c
BK
_0
4
999
_c
1769
_d
1769